000 00277nam a2200133Ia 4500
100 _aKoller A
942 _cBK
654 _aKirchhoff's laws
245 _aKirchhoff''''s laws
260 _bWiley eastern
_aNew Delhi
_c1989
300 _a59
546 _aENGLISH
999 _c20843
_d20843